|
|
|
|
| LEADER |
01335nam a22003491a 4500 |
| 001 |
41311 |
| 003 |
BD-DhAAL |
| 005 |
20230724114737.0 |
| 008 |
811113t19611960nyu b 001 0 eng |
| 010 |
|
|
|a 61008526
|
| 015 |
|
|
|a GB61-8414
|
| 035 |
|
|
|a (OCoLC)14021291
|
| 040 |
|
|
|a DLC
|c PSt
|d OCoLC
|d TxU
|d Uk
|d DLC
|d BD-DhAAL
|
| 041 |
1 |
|
|a eng
|h ger
|
| 042 |
|
|
|a premarc
|
| 050 |
0 |
0 |
|a DG533
|b .B85 1961
|
| 082 |
|
|
|a 945.05
|2 23
|
| 100 |
1 |
|
|a Burckhardt, Jacob,
|d 1818-1897.
|9 55182
|
| 240 |
1 |
0 |
|a Cultur der Renaissance in Italien.
|l English
|
| 245 |
1 |
4 |
|a The civilization of the Renaissance in Italy :
|b an essay /
|c Jacob Burckhardt ; the translation of S.G.C. Middlemore, rev. and edited by Irene Gordon.
|
| 260 |
|
|
|a New York :
|b New American Library,
|c c1960.
|
| 300 |
|
|
|a xxii, 392 pages ;
|c 21 cm.
|
| 500 |
|
|
|a "A Mentor book."
|
| 500 |
|
|
|a "MT321"--spine.
|
| 504 |
|
|
|a Includes bibliographical references and index.
|
| 541 |
|
|
|a Donated By Akbar Ali Khan
|e 41311
|
| 650 |
|
0 |
|a Renaissance
|z Italy.
|9 13292
|
| 651 |
|
0 |
|a Italy
|x Civilization.
|
| 852 |
|
|
|a Ayesha Abed Library
|c Akbar Ali Khan Collection
|
| 942 |
|
|
|2 ddc
|c BK
|
| 999 |
|
|
|c 46018
|d 46018
|
| 952 |
|
|
|0 0
|1 0
|2 ddc
|4 0
|6 945_050000000000000_BUR
|7 1
|9 74116
|a BRACUL
|b BRACUL
|c AAKC
|d 2023-07-24
|e Donated By Akbar Ali Khan
|l 0
|o 945.05 BUR
|p 3010041311
|r 2023-07-24
|t 1
|w 2023-07-24
|y BK
|